Quản lý môi trường : Con đường kinh tế dẫn đến nền kinh tế sinh thái
Đã lưu trong:
| Príomhúdar: | |
|---|---|
| Formáid: | Leabhar |
| Teanga: | Vietnamese |
| Foilsithe: |
Khoa học và kỹ thuật
2002
|
| Clibeanna: |
Cuir Clib Leis
Gan Chlibeanna, Bí ar an gcéad duine leis an taifead seo a chlibeáil!
|
| Thư viện lưu trữ: | Mạng thư viện Đại học Đà Nẵng |
|---|
| LEADER | 00763nam a2200253 4500 | ||
|---|---|---|---|
| 001 | 000021184 | ||
| 003 | 17631 | ||
| 005 | 20150413150411.0 | ||
| 008 | 150413s2002 viesd | ||
| 020 | |c 40000 | ||
| 041 | 0 | |a vie | |
| 082 | 1 | 4 | |a 363.7 |b SC-M |
| 100 | 1 | |a Schreiner, Manfred | |
| 245 | 1 | 0 | |a Quản lý môi trường : Con đường kinh tế dẫn đến nền kinh tế sinh thái |c Manfred Schreiner ; Phạm Ngọc Hân dịch ; Nguyễn Hồng Khánh hiệu đính. |
| 260 | |b Khoa học và kỹ thuật |c 2002 | ||
| 300 | |a tr. |c cm. | ||
| OWN | |a LSP | ||
| 999 | |a From the UDN01 | ||
| TYP | |a Monograph | ||
| TYP | |a Printed language | ||
| 980 | |a Mạng thư viện Đại học Đà Nẵng | ||